Countries That Place Surname First - Statistics

General Stats
  • This quiz has been taken 365 times
  • The average score is 9 of 16
Answer Stats
Country % Correct
China
97%
Japan
95%
South Korea
94%
North Korea
93%
Vietnam
89%
Taiwan
80%
Cambodia
78%
India (Southern)
72%
Sri Lanka
57%
Hungary
31%
Albania
14%
Madagascar
14%
Romania
12%
Germany (Bavaria)
10%
Kosovo
10%
Austria
8%
No matching quizzes found
Score Distribution
Percent of People with Each Score
Percentile by Number Answered
Your Score History
You have not taken this quiz